000 00446nam a2200157 i 4500
001 41186
003 ES-MaACL
005 20230906160405.0
007 t|
008 030310s1969 sp ||||1| spa d
100 1 _aCascant Navarro, Vicente.
_936270
245 1 0 _aGeografía universal /
_cVicente Cascant Navarro.
260 _aValencia :
_bLópez Mezquita,
_c1969.
300 _a304 p. :
_bil. ;
_c21 cm.
852 _aES-MaACL
_jC-47840
_bR.72008
999 _c41186
_d41186